00434nam a2200133Ia 4500008004100000020002200041050002000063082002100083100003700104245008400141260002200225300001800247650003500265120905s9999 xx 000 0 und d a978-968-18-6838-3 aPC4143 P25 2008 a461.52 P37p 2008 aParedes Chavarría, Elia Acacia aPrácticas de Autoevaluación Ortográfica / Elia Acacia Paredes Chavarría aMéxico : Limusa a116 p / 28 cm aI. Español - OrtografíaÌ